[Event "Obert Figueres Miquel Mas 2011"]
[Site "Figueres ESP"]
[Date "2011.08.16"]
[Round "7.15"]
[White "Gonzalez Manchon, Juan Miguel"]
[Black "Gonzalez Pabollet, Jesus Maria"]
[Result "1-0"]
[WhiteElo "2069"]
[BlackElo "1933"]
[PlyCount "129"]
[EventDate "2011.08.11"]
[EventType "swiss"]
[EventRounds "9"]
[EventCountry "ESP"]
[Source "lmi"]
[SourceDate "2011.08.11"]

1. e4 c5 2. Nf3 Nc6 3. d4 cxd4 4. Nxd4 Nf6 5. Nc3 e6 6. Ndb5 Bb4 7. a3 Bxc3+ 8.
Nxc3 d5 9. exd5 Nxd5 10. Ne4 O-O 11. Bd3 Ne5 12. Be2 Qh4 13. Ng5 h6 14. g3 Qa4
15. Nf3 Nxf3+ 16. Bxf3 Qb5 17. Qd4 Rd8 18. c4 Qb6 19. Qxb6 Nxb6 20. c5 Nd7 21.
b4 Ne5 22. Be4 f5 23. Bg2 Nd3+ 24. Ke2 e5 25. Rd1 e4 26. f3 Be6 27. fxe4 Bc4
28. Ke3 Rd7 29. Bh3 g6 30. Bb2 Rad8 31. Bf6 Re8 32. Bg2 Kf7 33. Bc3 Red8 34.
Rd2 g5 35. Rf1 f4+ 36. gxf4 gxf4+ 37. Rxf4+ Nxf4 38. Rxd7+ Rxd7 39. Kxf4 Rd3
40. Be5 Rxa3 41. Bb8 Ra2 42. Kg3 Ra3+ 43. Kf4 Ra2 44. Bh3 Rxh2 45. Bc8 Rb2 46.
Bd6 b6 47. c6 Be6 48. Bb7 a5 49. c7 Rc2 50. bxa5 bxa5 51. Ke5 Bg4 52. Kd5 Be6+
53. Ke5 Bg4 54. Kd5 h5 55. Bc5 Be6+ 56. Kd6 Rd2+ 57. Bd5 Kf6 58. Be3 Rd3 59.
Bg5+ Kxg5 60. Kxe6 Rc3 61. Kd7 Rxc7+ 62. Kxc7 a4 63. e5 a3 64. e6 h4 65. e7 1-0

[Event "Obert Figueres Miquel Mas 2011"]
[Site "Figueres ESP"]
[Date "2011.08.16"]
[Round "7.16"]
[White "Vinardell Cruanas, Sergi"]
[Black "Pinsach Gelabert, Alexandre"]
[Result "1/2-1/2"]
[WhiteElo "2061"]
[BlackElo "1896"]
[PlyCount "114"]
[EventDate "2011.08.11"]
[EventType "swiss"]
[EventRounds "9"]
[EventCountry "ESP"]
[Source "lmi"]
[SourceDate "2011.08.11"]

1. e4 e5 2. Nf3 Nc6 3. Bb5 a6 4. Ba4 Nf6 5. O-O b5 6. Bb3 Bb7 7. Re1 Bc5 8. c3
d6 9. d4 Bb6 10. Be3 O-O 11. Nbd2 h6 12. h3 Re8 13. d5 Ne7 14. Bxb6 cxb6 15.
Bc2 Ng6 16. Bd3 Nf4 17. Bf1 Re7 18. g3 Ng6 19. a4 bxa4 20. Qxa4 Nd7 21. b4 Qc7
22. Qb3 Ree8 23. Nc4 Ne7 24. Ne3 Ra7 25. Ra3 Rea8 26. Rea1 Nf6 27. Nd2 Nd7 28.
Bd3 g6 29. Qd1 Bc8 30. Qe2 a5 31. Ndc4 axb4 32. Rxa7 Rxa7 33. Rxa7 Qxa7 34.
cxb4 Qc7 35. Qc2 Nb8 36. Kh2 Na6 37. Qa4 Qd7 38. Qxd7 Bxd7 39. Nc2 Nc8 40. Kg2
Nc7 41. h4 Kg7 42. Kf3 h5 43. Ke3 Kf6 44. f4 exf4+ 45. gxf4 Ke7 46. N4a3 Ba4
47. Nd4 Na7 48. b5 Nc8 49. Nc6+ Kd7 50. Kd4 Bb3 51. Be2 Ne7 52. Bf3 f5 53. Nxe7
Kxe7 54. exf5 gxf5 55. Bg2 Kf6 56. Bf3 Kg6 57. Bg2 Kf6 1/2-1/2

[Event "Obert Figueres Miquel Mas 2011"]
[Site "Figueres ESP"]
[Date "2011.08.16"]
[Round "7.17"]
[White "Parramon Ros, Francesc"]
[Black "Padrosa Baro, Carles"]
[Result "1-0"]
[WhiteElo "2042"]
[BlackElo "1829"]
[PlyCount "29"]
[EventDate "2011.08.11"]
[EventType "swiss"]
[EventRounds "9"]
[EventCountry "ESP"]
[Source "lmi"]
[SourceDate "2011.08.11"]

1. d4 Nf6 2. Bf4 e6 3. e3 d5 4. Nf3 Bd6 5. Bg3 Nbd7 6. Nbd2 b6 7. Ne5 Bb7 8. a4
a6 9. Bd3 O-O 10. Ndf3 Qe7 11. Bh4 Qe8 12. O-O Ne4 13. Nxd7 Qxd7 14. Ne5 f5 15.
Nxd7 1-0

[Event "Obert Figueres Miquel Mas 2011"]
[Site "Figueres ESP"]
[Date "2011.08.16"]
[Round "7.18"]
[White "Buch Prades, Joan"]
[Black "Colls Bosch, Emili"]
[Result "1/2-1/2"]
[WhiteElo "1965"]
[BlackElo "2015"]
[PlyCount "52"]
[EventDate "2011.08.11"]
[EventType "swiss"]
[EventRounds "9"]
[EventCountry "ESP"]
[Source "lmi"]
[SourceDate "2011.08.11"]

1. d4 Nf6 2. c4 e6 3. Nc3 Bb4 4. e3 b6 5. Bd3 Bb7 6. Nf3 Ne4 7. Qc2 f5 8. O-O
Bxc3 9. bxc3 O-O 10. Nd2 Qh4 11. f4 Nxd2 12. Bxd2 Nc6 13. e4 fxe4 14. Bxe4 Na5
15. Bxb7 Nxb7 16. Rf3 Qh5 17. Re1 Na5 18. Qa4 Nc6 19. Bc1 Rf5 20. Qc2 Na5 21.
Qe4 Raf8 22. Rh3 Qg4 23. Rg3 Qh4 24. d5 e5 25. Rh3 Qg4 26. Rg3 Qh4 1/2-1/2

[Event "Obert Figueres Miquel Mas 2011"]
[Site "Figueres ESP"]
[Date "2011.08.16"]
[Round "7.19"]
[White "Toste Nieto, Alexandre"]
[Black "Parals Marce, Luis"]
[Result "1-0"]
[WhiteElo "1964"]
[BlackElo "2077"]
[PlyCount "107"]
[EventDate "2011.08.11"]
[EventType "swiss"]
[EventRounds "9"]
[EventCountry "ESP"]
[Source "lmi"]
[SourceDate "2011.08.11"]

1. e4 c5 2. Nf3 e6 3. d4 cxd4 4. Nxd4 Nc6 5. Nc3 Qc7 6. Ndb5 Qb8 7. Be3 a6 8.
Bb6 axb5 9. Nxb5 Ra5 10. Nc7+ Ke7 11. Qd3 d6 12. O-O-O Kd7 13. Bxa5 Nxa5 14.
Nb5 Nc6 15. f4 f6 16. Be2 Nh6 17. Qb3 Ke8 18. Rhe1 Bd7 19. Bf3 Be7 20. Qd3 Nf7
21. a3 Na7 22. Nxa7 Qxa7 23. e5 Qb6 24. Bg4 fxe5 25. fxe5 d5 26. Kb1 Qc7 27.
Qg3 g6 28. Bf3 Qb6 29. Ka2 Qc5 30. Bxd5 b5 31. Bb3 b4 32. axb4 Qxb4 33. Qd3 Qb7
34. Qc4 Kf8 35. Rf1 Kg7 36. Qd4 Ra8+ 37. Kb1 Qa6 38. c3 Rd8 39. Qf4 Be8 40.
Rxd8 Bxd8 41. Bc4 Qc6 42. g3 g5 43. Qd4 Bb6 44. Qg4 Bd7 45. Bd3 h6 46. Qh5 Nxe5
47. Bc2 Be8 48. Qe2 Bc7 49. Qf2 Nf7 50. Qf6+ Kf8 51. Qxh6+ Ke7 52. Qf6+ Kd7 53.
Qd4+ Bd6 54. Ba4 1-0

[Event "Obert Figueres Miquel Mas 2011"]
[Site "Figueres ESP"]
[Date "2011.08.16"]
[Round "7.20"]
[White "Casanellas Ruano, Lluis"]
[Black "Ruiz Muñoz, Jose Carlos"]
[Result "1-0"]
[WhiteElo "2190"]
[BlackElo "1812"]
[PlyCount "129"]
[EventDate "2011.08.11"]
[EventType "swiss"]
[EventRounds "9"]
[EventCountry "ESP"]
[Source "lmi"]
[SourceDate "2011.08.11"]

1. c4 Nf6 2. Nc3 g6 3. g3 Bg7 4. Bg2 O-O 5. e4 d6 6. Nge2 e5 7. O-O Be6 8. d3
c6 9. h3 Qd7 10. Kh2 Nh5 11. g4 Bxg4 12. hxg4 Qxg4 13. Qd2 Qh4+ 14. Kg1 f5 15.
Qg5 Qg4 16. exf5 Qxg5 17. Bxg5 Rxf5 18. Be3 Na6 19. Ng3 Nxg3 20. fxg3 Nb4 21.
Be4 Rxf1+ 22. Rxf1 Nc2 23. Bf2 Bh6 24. Rb1 a5 25. a3 Bd2 26. Ne2 Kf7 27. Kg2
Ke6 28. Rh1 d5 29. Bf3 h6 30. Rd1 Be3 31. cxd5+ cxd5 32. Nc3 d4 33. Nd5 Rf8 34.
Bxe3 dxe3 35. Rc1 Nd4 36. Be4 Rf2+ 37. Kh3 e2 38. Ne3 Nf3 39. Bd5+ Kd7 40. Bxf3
Rxf3 41. Ng2 Rxd3 42. Re1 Rd2 43. Ne3 b5 44. b4 a4 45. Ng4 Ke6 46. Nxh6 Rd1 47.
Rxe2 Rh1+ 48. Rh2 Rxh2+ 49. Kxh2 Kd5 50. Nf7 e4 51. Kg2 Ke6 52. Nd8+ Kd5 53.
Nb7 Ke6 54. Nc5+ Kd5 55. Kf2 Kd4 56. Ke2 g5 57. g4 Kc3 58. Ke3 Kb2 59. Nxa4+
Kxa3 60. Nc3 Kxb4 61. Nxb5 Kxb5 62. Kxe4 Kc6 63. Kf5 Kd6 64. Kxg5 Ke6 65. Kg6
1-0

[Event "Obert Figueres Miquel Mas 2011"]
[Site "Figueres ESP"]
[Date "2011.08.16"]
[Round "7.21"]
[White "Diaz Comas, Jordi"]
[Black "Balague Canadell, Jordi"]
[Result "0-1"]
[WhiteElo "1923"]
[BlackElo "2063"]
[PlyCount "80"]
[EventDate "2011.08.11"]
[EventType "swiss"]
[EventRounds "9"]
[EventCountry "ESP"]
[Source "lmi"]
[SourceDate "2011.08.11"]

1. d4 d5 2. c4 e6 3. Nf3 Nf6 4. g3 Be7 5. Bg2 O-O 6. O-O dxc4 7. Qc2 a6 8. a4
c6 9. Rd1 b5 10. Ne5 Nd5 11. Bd2 Bb7 12. e4 Nb4 13. Bxb4 Bxb4 14. Nc3 Qc7 15.
Ng4 Nd7 16. b3 cxb3 17. Qxb3 Bxc3 18. Qxc3 Rfc8 19. Rdc1 Qb6 20. a5 Qc7 21. Qb4
e5 22. Nxe5 Nxe5 23. dxe5 Qxe5 24. f4 c5 25. Qd2 Qd4+ 26. Qxd4 cxd4 27. Rd1 Rc4
28. Rd3 Rd8 29. e5 Bxg2 30. Kxg2 Rc2+ 31. Kf3 g6 32. h3 Rh2 33. Raa3 h5 34. Ra1
Kf8 35. h4 Ke7 36. Ke4 Re2+ 37. Kf3 Rh2 38. Raa3 Ke6 39. Ke4 Re2+ 40. Kf3 Rc2
0-1

[Event "Obert Figueres Miquel Mas 2011"]
[Site "Figueres ESP"]
[Date "2011.08.16"]
[Round "7.23"]
[White "Bosch Sola, Enric"]
[Black "Guzman Maglaya, Noli"]
[Result "1/2-1/2"]
[WhiteElo "1820"]
[BlackElo "1977"]
[PlyCount "37"]
[EventDate "2011.08.11"]
[EventType "swiss"]
[EventRounds "9"]
[EventCountry "ESP"]
[Source "lmi"]
[SourceDate "2011.08.11"]

1. c4 c6 2. Nc3 d5 3. cxd5 cxd5 4. Qb3 Nf6 5. d4 Nc6 6. Bf4 a6 7. e3 e6 8. Nf3
Nh5 9. Bg3 Nxg3 10. hxg3 b5 11. Qc2 Bd7 12. Rxh7 Rxh7 13. Qxh7 Qa5 14. Nd2 b4
15. Nb3 Qc7 16. Ne2 a5 17. Rc1 a4 18. Nc5 g6 19. Nf4 1/2-1/2

[Event "Obert Figueres Miquel Mas 2011"]
[Site "Figueres ESP"]
[Date "2011.08.16"]
[Round "7.24"]
[White "Garcia, Richard"]
[Black "Colomer Camarasa, Jordi"]
[Result "0-1"]
[WhiteElo "1763"]
[BlackElo "1947"]
[PlyCount "52"]
[EventDate "2011.08.11"]
[EventType "swiss"]
[EventRounds "9"]
[EventCountry "ESP"]
[Source "lmi"]
[SourceDate "2011.08.11"]

1. d4 g6 2. c4 Bg7 3. Nc3 c5 4. d5 Bxc3+ 5. bxc3 f5 6. Qc2 Nf6 7. Nf3 d6 8. Nd2
Nbd7 9. f4 Qa5 10. e3 Nb6 11. Bd3 Bd7 12. Nb3 Qa6 13. O-O Ne4 14. Bd2 Qa4 15.
Rad1 Nf6 16. Be1 Nxc4 17. Bxc4 Qxc4 18. Na5 Qa4 19. Qxa4 Bxa4 20. Rb1 b6 21.
Nc4 Nxd5 22. Nb2 Bc6 23. Bd2 Nf6 24. Nd1 Ne4 25. Bc1 Ba4 26. Bb2 Nd2 0-1

[Event "Obert Figueres Miquel Mas 2011"]
[Site "Figueres ESP"]
[Date "2011.08.16"]
[Round "7.25"]
[White "Loubet, Jean-Pierre"]
[Black "Romero Isado, Jose Luis"]
[Result "0-1"]
[WhiteElo "1713"]
[BlackElo "1693"]
[PlyCount "142"]
[EventDate "2011.08.11"]
[EventType "swiss"]
[EventRounds "9"]
[EventCountry "ESP"]
[Source "lmi"]
[SourceDate "2011.08.11"]

1. e4 e5 2. Nf3 Nc6 3. Bb5 a6 4. Ba4 Nf6 5. O-O Be7 6. Re1 b5 7. Bb3 d6 8. a4
Na7 9. d4 Bg4 10. dxe5 dxe5 11. Qe2 Bxf3 12. Qxf3 Nc6 13. c3 O-O 14. Bg5 Qd7
15. Rd1 Qc8 16. Bxf6 Bxf6 17. Bd5 Qe8 18. axb5 axb5 19. Rxa8 Qxa8 20. Qd3 Qa6
21. Nd2 Rd8 22. b3 g6 23. Qf3 Ne7 24. c4 Nxd5 25. exd5 Bg7 26. c5 f5 27. Nf1 b4
28. Qe3 Qb5 29. h3 Bf8 30. Qxe5 Qxc5 31. Qe6+ Kg7 32. Qe5+ Kg8 33. Nh2 Qe7 34.
Qa1 Bg7 35. Qa6 Bc3 36. Qc4 Kg7 37. Nf3 Qd6 38. Nd4 Bxd4 39. Qxd4+ Kg8 40. Re1
Kf7 41. Re6 Qxd5 42. Qf6+ Kg8 43. Re7 Qd1+ 44. Kh2 Qd6+ 45. Qxd6 Rxd6 46. Rxc7
Rd3 47. Rc8+ Kg7 48. g4 fxg4 49. hxg4 Rxb3 50. g5 Rc3 51. Rb8 b3 52. Rb7+ Kg8
53. Rb8+ Kf7 54. Rb7+ Ke6 55. Rxh7 Kf5 56. Rd7 Kxg5 57. Rd1 b2 58. Rb1 Rc2 59.
Kg3 Kf5 60. Kf3 g5 61. Ke3 g4 62. f3 g3 63. Kd3 Rh2 64. Ke3 Rf2 65. Rg1 Rc2 66.
Rb1 Rc3+ 67. Ke2 g2 68. Kf2 Rc2+ 69. Kg3 Rc1 70. Rxb2 g1=Q+ 71. Rg2 Qxg2+ 0-1

[Event "Obert Figueres Miquel Mas 2011"]
[Site "Figueres ESP"]
[Date "2011.08.16"]
[Round "7.28"]
[White "Medina Masdeu, Rasen"]
[Black "Ragueneau, Yann Klemens"]
[Result "0-1"]
[WhiteElo "1794"]
[BlackElo "1414"]
[PlyCount "56"]
[EventDate "2011.08.11"]
[EventType "swiss"]
[EventRounds "9"]
[EventCountry "ESP"]
[Source "lmi"]
[SourceDate "2011.08.11"]

1. e4 e6 2. d3 d5 3. Nd2 c5 4. g3 Nc6 5. Bg2 Nf6 6. Ngf3 Be7 7. O-O O-O 8. e5
Nd7 9. Re1 Qc7 10. Qe2 b6 11. Nf1 Bb7 12. Bf4 Rac8 13. h4 Nd4 14. Nxd4 cxd4 15.
Qg4 Rfe8 16. Re2 Nc5 17. Nh2 Qd7 18. Bc1 f6 19. Bh6 g6 20. Qxd4 f5 21. Nf3 Na6
22. c3 Nc5 23. Bf1 Qb5 24. Rd1 Ba6 25. Rc2 Qc6 26. Bc1 Bb7 27. Qf4 d4 28. Nxd4
Qh1# 0-1

[Event "Obert Figueres Miquel Mas 2011"]
[Site "Figueres ESP"]
[Date "2011.08.16"]
[Round "7.29"]
[White "Serra Canals, Oriol"]
[Black "Vidal Zamora, Cristina"]
[Result "1-0"]
[WhiteElo "1659"]
[BlackElo "1693"]
[PlyCount "35"]
[EventDate "2011.08.11"]
[EventType "swiss"]
[EventRounds "9"]
[EventCountry "ESP"]
[Source "lmi"]
[SourceDate "2011.08.11"]

1. d4 d5 2. c4 e6 3. Nf3 Nf6 4. Nc3 c5 5. e3 b6 6. cxd5 exd5 7. Bb5+ Bd7 8.
Bxd7+ Nbxd7 9. O-O Be7 10. Ne5 O-O 11. Nc6 Qe8 12. Nb5 Nb8 13. Nxe7+ Qxe7 14.
b3 Ne4 15. dxc5 Qxc5 16. a4 Rc8 17. Ba3 Nc3 18. Nxc3 1-0

[Event "Obert Figueres Miquel Mas 2011"]
[Site "Figueres ESP"]
[Date "2011.08.16"]
[Round "7.30"]
[White "Rivera Hernandez, Josep Joan"]
[Black "Fleta Marin, Sergio"]
[Result "1-0"]
[WhiteElo "1920"]
[BlackElo "1675"]
[PlyCount "49"]
[EventDate "2011.08.11"]
[EventType "swiss"]
[EventRounds "9"]
[EventCountry "ESP"]
[Source "lmi"]
[SourceDate "2011.08.11"]

1. e4 d6 2. d4 Nf6 3. Nc3 c6 4. Nf3 Nbd7 5. Be2 Qc7 6. O-O e5 7. h3 h6 8. Be3
Be7 9. Qd2 a6 10. a4 Rb8 11. a5 c5 12. dxe5 dxe5 13. Bc4 b5 14. axb6 Nxb6 15.
Bxa6 Be6 16. Bb5+ Bd7 17. Bxd7+ Nbxd7 18. Ra2 Qc6 19. Re1 Rb4 20. Nd5 Rxe4 21.
Nxe7 Kxe7 22. Ra7 Rd8 23. Rd1 Ke6 24. Qa5 Rc8 25. Ra6 1-0

[Event "Obert Figueres Miquel Mas 2011"]
[Site "Figueres ESP"]
[Date "2011.08.16"]
[Round "7.32"]
[White "Pruja Ramirez De C., Eduardo"]
[Black "Perez Mondejar, Adler"]
[Result "0-1"]
[WhiteElo "1735"]
[BlackElo "1348"]
[PlyCount "102"]
[EventDate "2011.08.11"]
[EventType "swiss"]
[EventRounds "9"]
[EventCountry "ESP"]
[Source "lmi"]
[SourceDate "2011.08.11"]

1. e4 c5 2. Nc3 Nc6 3. f4 g6 4. Nf3 Bg7 5. Bb5 Nd4 6. O-O a6 7. Bc4 b5 8. Bd5
Rb8 9. d3 e6 10. Bb3 Nxf3+ 11. Qxf3 a5 12. a4 bxa4 13. Nxa4 d6 14. e5 Ne7 15.
Be3 Bb7 16. Qf2 Nf5 17. exd6 Nxe3 18. Qxe3 Bd4 19. Rfe1 Bxe3+ 20. Rxe3 Qxd6 21.
Rae1 O-O 22. Re5 Qd4+ 23. Kh1 Qxf4 24. Nxc5 Bc8 25. R5e2 Rb5 26. Ne4 Rh5 27. h3
Bb7 28. Rf2 Rxh3+ 29. gxh3 Bxe4+ 30. Rxe4 Qxf2 31. Rg4 h5 32. Rg2 Qf3 33. Kh2
Rd8 34. Rg3 Qf4 35. Kg2 Rd4 36. Rf3 Qg5+ 37. Rg3 Qd2+ 38. Kh1 Rf4 39. Rg2 Qe1+
40. Kh2 Rf1 41. Rg3 Rf2+ 42. Rg2 Qe2 43. Rxf2 Qxf2+ 44. Kh1 Qe1+ 45. Kg2 f5 46.
Kf3 g5 47. Kg2 f4 48. Kf3 Qe3+ 49. Kg2 f3+ 50. Kf1 Qe2+ 51. Kg1 Qg2# 0-1

[Event "Obert Figueres Miquel Mas 2011"]
[Site "Figueres ESP"]
[Date "2011.08.16"]
[Round "7.33"]
[White "Garcia Castany, Jose"]
[Black "Idoate Arrazurria, Ricardo"]
[Result "1-0"]
[WhiteElo "1438"]
[BlackElo "1573"]
[PlyCount "43"]
[EventDate "2011.08.11"]
[EventType "swiss"]
[EventRounds "9"]
[EventCountry "ESP"]
[Source "lmi"]
[SourceDate "2011.08.11"]

1. d4 d5 2. c4 Nf6 3. Nc3 e6 4. Bg5 Be7 5. e3 O-O 6. Nf3 c6 7. Bd3 Nbd7 8. a3
dxc4 9. Bxc4 Nb6 10. Bd3 Nbd7 11. O-O Nd5 12. Bxe7 Nxe7 13. e4 Ng6 14. e5 f6
15. Bxg6 hxg6 16. Ne4 f5 17. Nd6 g5 18. Qb3 Nb6 19. Nxc8 Qxc8 20. Nxg5 Nd5 21.
Qh3 Nf6 22. exf6 1-0

[Event "Obert Figueres Miquel Mas 2011"]
[Site "Figueres ESP"]
[Date "2011.08.17"]
[Round "8.1"]
[White "Vishnu, Prasanna  V"]
[Black "Alvarez, Pedraza Aramis"]
[Result "1/2-1/2"]
[WhiteElo "2340"]
[BlackElo "2551"]
[PlyCount "66"]
[EventDate "2011.08.11"]
[EventType "swiss"]
[EventRounds "9"]
[EventCountry "ESP"]
[Source "lmi"]
[SourceDate "2011.08.11"]

1. e4 c6 2. d4 d5 3. e5 Bf5 4. Nf3 e6 5. Be2 Bg6 6. O-O Nh6 7. Nbd2 Be7 8. Ne1
Nf5 9. Ndf3 h5 10. g3 Nd7 11. Ng2 c5 12. c3 cxd4 13. cxd4 Qb6 14. Nf4 Nb8 15.
Nxg6 fxg6 16. Qd3 Nc6 17. Rd1 O-O 18. Kg2 Rf7 19. Qb5 Qd8 20. h3 a6 21. Qb3 Qf8
22. Be3 Bd8 23. g4 Nh6 24. Ng1 hxg4 25. hxg4 Rc8 26. Nh3 Qe8 27. Rac1 Rfc7 28.
Qd3 Nb4 29. Rxc7 Rxc7 30. Qd2 Nc6 31. Bxh6 gxh6 32. Qxh6 Rh7 33. Qe3 Nb4
1/2-1/2

[Event "Obert Figueres Miquel Mas 2011"]
[Site "Figueres ESP"]
[Date "2011.08.17"]
[Round "8.2"]
[White "Martinez, Duanny Lelys Stanle"]
[Black "Aroshidze, Levan"]
[Result "1/2-1/2"]
[WhiteElo "2455"]
[BlackElo "2539"]
[PlyCount "75"]
[EventDate "2011.08.11"]
[EventType "swiss"]
[EventRounds "9"]
[EventCountry "ESP"]
[Source "lmi"]
[SourceDate "2011.08.11"]

1. e4 c5 2. Nf3 e6 3. Nc3 Nc6 4. d4 cxd4 5. Nxd4 Qc7 6. Be2 Nf6 7. O-O a6 8.
Be3 Bb4 9. Na4 O-O 10. c4 Bd6 11. g3 Be7 12. Nxc6 bxc6 13. e5 Qxe5 14. Nb6 Rb8
15. Bf4 Qxb2 16. Rb1 Rxb6 17. Rxb2 Rxb2 18. Bf3 Rxa2 19. Bd6 Bxd6 20. Qxd6 Rb2
21. g4 Ne8 22. Qa3 Rb8 23. Rc1 d5 24. Qc5 e5 25. cxd5 cxd5 26. Qa7 Rb7 27. Qe3
Nf6 28. g5 Ne4 29. Bxe4 dxe4 30. h4 g6 31. Qxe4 Rb5 32. Rc7 Bf5 33. Qc4 Be6 34.
Qc3 Rd5 35. Rc5 Rfd8 36. Rxd5 Rxd5 37. Qc7 a5 38. Qe7 1/2-1/2

[Event "Obert Figueres Miquel Mas 2011"]
[Site "Figueres ESP"]
[Date "2011.08.17"]
[Round "8.3"]
[White "Adrian, Claude"]
[Black "Oms Pallisse, Josep"]
[Result "1/2-1/2"]
[WhiteElo "2291"]
[BlackElo "2489"]
[PlyCount "108"]
[EventDate "2011.08.11"]
[EventType "swiss"]
[EventRounds "9"]
[EventCountry "ESP"]
[Source "lmi"]
[SourceDate "2011.08.11"]

1. c4 e5 2. g3 Nc6 3. Bg2 Bc5 4. Nc3 d6 5. a3 a6 6. e3 Nge7 7. Nge2 Ba7 8. O-O
h5 9. d4 h4 10. d5 Nb8 11. b4 hxg3 12. hxg3 Bf5 13. Ne4 Nd7 14. N2c3 Ng8 15. a4
Ngf6 16. Ba3 Nxe4 17. Nxe4 a5 18. bxa5 Bxe4 19. Bxe4 Bc5 20. Bb2 Nf6 21. Bg2
Rxa5 22. Bc3 Ra7 23. a5 Qc8 24. Qf3 Ng4 25. Rfb1 f5 26. Rb5 Ke7 27. Rab1 b6 28.
Qe2 Nf6 29. Bd4 Kf7 30. axb6 cxb6 31. Bxc5 bxc5 32. Rb6 Ke7 33. Rc6 Qd7 34. f4
e4 35. Qb2 Rc8 36. Rb6 Kf7 37. Bh3 g6 38. Qb3 Rh8 39. Bg2 Rha8 40. Qd1 Kg7 41.
Bf1 Kf7 42. Be2 Rc7 43. Kg2 Ra3 44. Qc1 Rca7 45. R1b2 Ke7 46. Qd2 Kf7 47. Rb8
Qe7 48. Qc1 Ra2 49. Qb1 Rxb2 50. Qxb2 Qc7 51. Rb5 Qe7 52. Rb8 Qc7 53. Rb5 Qe7
54. Rb8 Qc7 1/2-1/2

[Event "Obert Figueres Miquel Mas 2011"]
[Site "Figueres ESP"]
[Date "2011.08.17"]
[Round "8.5"]
[White "Deleyn, Gunter"]
[Black "Lorenzo De La Riva, Lazaro"]
[Result "1-0"]
[WhiteElo "2222"]
[BlackElo "2391"]
[PlyCount "91"]
[EventDate "2011.08.11"]
[EventType "swiss"]
[EventRounds "9"]
[EventCountry "ESP"]
[Source "lmi"]
[SourceDate "2011.08.11"]

1. c4 g6 2. g3 Bg7 3. Bg2 d6 4. Nc3 e5 5. e3 f5 6. Nge2 Nf6 7. d3 O-O 8. O-O a5
9. b3 c6 10. Bb2 Na6 11. a3 Bd7 12. Rb1 g5 13. d4 e4 14. f3 exf3 15. Bxf3 Qe7
16. Qd2 Rae8 17. Rbe1 Nc7 18. Bc1 h5 19. Bg2 Bh6 20. Qc2 Qh7 21. b4 axb4 22.
axb4 h4 23. gxh4 Ng4 24. Qd3 gxh4 25. Nf4 h3 26. Bxh3 Re7 27. Re2 Bxf4 28. exf4
Rg7 29. Rg2 Qh5 30. d5 Rf6 31. Rf3 Rfg6 32. Rfg3 Na6 33. Ba3 Qh6 34. b5 cxb5
35. cxb5 Nc5 36. Bxc5 dxc5 37. Bxg4 Rxg4 38. Ne2 Qb6 39. d6 Qxb5 40. Rxg4 fxg4
41. Qd5+ Kf8 42. Nc3 Qb4 43. Ra2 Qxc3 44. Ra8+ Be8 45. Qf5+ Rf7 46. Rxe8+ 1-0

[Event "Obert Figueres Miquel Mas 2011"]
[Site "Figueres ESP"]
[Date "2011.08.17"]
[Round "8.6"]
[White "Cuadras Avellana, Jorge"]
[Black "Triadu Cassa, Jordi"]
[Result "1-0"]
[WhiteElo "2304"]
[BlackElo "2083"]
[PlyCount "65"]
[EventDate "2011.08.11"]
[EventType "swiss"]
[EventRounds "9"]
[EventCountry "ESP"]
[Source "lmi"]
[SourceDate "2011.08.11"]

1. c4 e5 2. Nc3 Nf6 3. Nf3 Nc6 4. g3 d5 5. cxd5 Nxd5 6. Bg2 Nb6 7. O-O Be7 8.
a3 O-O 9. d3 Be6 10. Be3 Nd5 11. Nxd5 Bxd5 12. Rc1 f6 13. Bc5 Bxc5 14. Rxc5 Ne7
15. e4 Bf7 16. d4 exd4 17. Nxd4 Qd6 18. Rc1 Rad8 19. Nb5 Qb6 20. Qe2 c6 21. Nc3
Rd4 22. Rfd1 Rfd8 23. b4 R8d6 24. Rxd4 Rxd4 25. Qe3 Qd8 26. Nd5 c5 27. bxc5 Nc6
28. Rb1 Bg6 29. h4 Qd7 30. Kh2 Rxd5 31. exd5 Bxb1 32. dxc6 bxc6 33. Qb3+ 1-0

[Event "Obert Figueres Miquel Mas 2011"]
[Site "Figueres ESP"]
[Date "2011.08.17"]
[Round "8.7"]
[White "Lillo Castay, Victor"]
[Black "Trigo Urquijo, Sergio"]
[Result "1-0"]
[WhiteElo "2281"]
[BlackElo "2248"]
[PlyCount "63"]
[EventDate "2011.08.11"]
[EventType "swiss"]
[EventRounds "9"]
[EventCountry "ESP"]
[Source "lmi"]
[SourceDate "2011.08.11"]

1. e4 c5 2. Nf3 d6 3. d4 cxd4 4. Nxd4 Nf6 5. Nc3 a6 6. f4 Nbd7 7. Bd3 g6 8. Nf3
Qc7 9. O-O Bg7 10. Qe1 O-O 11. Kh1 e6 12. Qh4 b5 13. a3 Bb7 14. f5 d5 15. fxe6
dxe4 16. exf7+ Rxf7 17. Nxe4 Nxe4 18. Bxe4 Qc4 19. Re1 Re8 20. Bxb7 Qxh4 21.
Rxe8+ Bf8 22. Bd5 Qh5 23. Bxf7+ Kxf7 24. Re2 Bd6 25. Bd2 Be7 26. Bc3 Bf6 27.
Bxf6 Nxf6 28. Rae1 Kf8 29. Re6 Ng4 30. h3 Nf2+ 31. Kg1 Qc5 32. R1e5 1-0

[Event "Obert Figueres Miquel Mas 2011"]
[Site "Figueres ESP"]
[Date "2011.08.17"]
[Round "8.8"]
[White "Lillo Ferrer, Jose Maria"]
[Black "Houriez, Clement"]
[Result "0-1"]
[WhiteElo "2151"]
[BlackElo "2328"]
[PlyCount "66"]
[EventDate "2011.08.11"]
[EventType "swiss"]
[EventRounds "9"]
[EventCountry "ESP"]
[Source "lmi"]
[SourceDate "2011.08.11"]

1. d4 Nf6 2. Bg5 e6 3. e4 h6 4. Bxf6 Qxf6 5. c3 d5 6. Nd2 c5 7. Ngf3 cxd4 8.
cxd4 Qd8 9. Bd3 Nc6 10. O-O Be7 11. Ne5 O-O 12. Ndf3 Qb6 13. Nxc6 bxc6 14. Qe2
a5 15. Ne5 Bf6 16. Rac1 Bxe5 17. dxe5 Ba6 18. Rfd1 a4 19. g3 Bxd3 20. Rxd3 d4
21. Rc4 c5 22. Qc2 Ra5 23. b4 cxb4 24. Rdxd4 b3 25. Qb1 Rb8 26. a3 Qa6 27. Qb2
Rc8 28. Qc3 Rxc4 29. Rxc4 Rb5 30. Qb2 Rb8 31. Rd4 Qc6 32. Kg2 Rc8 33. Kf3 Qc3+
0-1

[Event "Obert Figueres Miquel Mas 2011"]
[Site "Figueres ESP"]
[Date "2011.08.17"]
[Round "8.9"]
[White "Campo Echevarria, Juan Francisc"]
[Black "Pruja Ramirez De Cartagena, Marc"]
[Result "0-1"]
[WhiteElo "2112"]
[BlackElo "2269"]
[PlyCount "94"]
[EventDate "2011.08.11"]
[EventType "swiss"]
[EventRounds "9"]
[EventCountry "ESP"]
[Source "lmi"]
[SourceDate "2011.08.11"]

1. e4 d6 2. d4 g6 3. Nc3 Bg7 4. h3 a6 5. a4 Nf6 6. Nf3 O-O 7. Be3 Nc6 8. Be2 e5
9. d5 Ne7 10. Qd2 Bd7 11. Bh6 c6 12. Bxg7 Kxg7 13. dxc6 Bxc6 14. O-O-O Nxe4 15.
Nxe4 Bxe4 16. Qxd6 Qxd6 17. Rxd6 Nf5 18. Rd2 Rfe8 19. Rhd1 Rac8 20. g4 Nh6 21.
Ne1 Bc6 22. b3 g5 23. Bc4 Ng8 24. Bd5 Bxd5 25. Rxd5 Nf6 26. R5d3 e4 27. Re3 Rc5
28. f3 Rce5 29. fxe4 Rxe4 30. Rxe4 Rxe4 31. Nf3 Re3 32. Rd3 Rxd3 33. cxd3 h6
34. Nd4 Nd5 35. Nf5+ Kg6 36. Kd2 Nf4 37. Nd6 b6 38. Nc4 b5 39. Nd6 bxa4 40.
bxa4 Nxh3 41. Ke3 Nf4 42. a5 Kf6 43. Kd4 Ke6 44. Nf5 h5 45. Ng7+ Kf6 46. Ne8+
Ke7 47. Nc7 h4 0-1

[Event "Obert Figueres Miquel Mas 2011"]
[Site "Figueres ESP"]
[Date "2011.08.17"]
[Round "8.10"]
[White "Gonzalez Vericat, Sergio"]
[Black "Gonzalez Manchon, Juan Miguel"]
[Result "0-1"]
[WhiteElo "2229"]
[BlackElo "2069"]
[PlyCount "52"]
[EventDate "2011.08.11"]
[EventType "swiss"]
[EventRounds "9"]
[EventCountry "ESP"]
[Source "lmi"]
[SourceDate "2011.08.11"]

1. b3 Nf6 2. Bb2 d6 3. g3 g6 4. Bg2 Bg7 5. e3 O-O 6. Ne2 e5 7. O-O c6 8. c4 Bf5
9. d3 Re8 10. e4 Bc8 11. Nbc3 Nbd7 12. d4 exd4 13. Nxd4 Nc5 14. Qc2 Ng4 15.
Rad1 a5 16. h3 Nh6 17. Kh2 Qg5 18. Nf3 Qh5 19. Rh1 Bg4 20. Ne2 Bxf3 21. Bxg7
Bxe2 22. Bxh6 Bxd1 23. Qd2 Bf3 24. Re1 Bxg2 25. Kxg2 Nxe4 26. Rxe4 Rxe4 0-1